00403 a2200109 4500001001000000005001700010008004100027245005600068100002300124773012900147999001700276ART_2352820260410161931.0260409a 10aLa economía de la investigación y el desarrollo1 aSjaastad, Larry A.0 tRevista de la Facultad de Ciencias Económicas de la Universidad de Cuyog- Año XXI, Nº 61/63 (ene./dic. 1969)wREV22981 c28609d28609